Машинные методы планирования эксперимента и оптимизации многофакторных систем: межвузовский сборник научных трудов

Bibliografische gegevens
Coauteur: Новосибирский электротехнический институт (НЭТИ)
Andere auteurs: Денисов В. И. (редактор)
Taal:Russisch
Gepubliceerd in: Новосибирск, Изд-во НЭИ, 1987
Onderwerpen:
Formaat: Boek
KOHA link:https://koha.lib.tpu.ru/cgi-bin/koha/opac-detail.pl?biblionumber=261895

MARC

LEADER 00000nam0a2200000 4500
001 261895
005 20231101233614.0
035 |a (RuTPU)RU\TPU\book\284877 
090 |a 261895 
100 |a 20140528d1987 k y0rusy50 ca 
101 0 |a rus 
102 |a RU 
105 |a y z 001zy 
200 1 |a Машинные методы планирования эксперимента и оптимизации многофакторных систем  |e межвузовский сборник научных трудов  |f Новосибирский электротехнический институт (НЭТИ) ; под ред. В. И. Денисова 
210 |a Новосибирск  |c Изд-во НЭИ  |d 1987 
215 |a 141 с. 
320 |a Библиогр. в конце статей 
606 1 |a Инженерный эксперимент  |x Математические методы  |2 stltpush  |3 (RuTPU)RU\TPU\subj\72975  |9 86281 
610 1 |a машинные методы 
610 1 |a планирование 
610 1 |a эксперимент 
610 1 |a оптимизация 
610 1 |a многофакторные системы 
675 |a 519.24  |v 3 
702 1 |a Денисов  |b В. И.  |4 340 
712 0 2 |a Новосибирский электротехнический институт (НЭТИ)  |c (1950-1992)  |2 stltpush  |3 (RuTPU)RU\TPU\col\203 
801 1 |a RU  |b 63413507  |c 20140528 
801 2 |a RU  |b 63413507  |c 20160614  |g RCR 
942 |c BK